<?xml version="1.0" encoding="UTF-8"?>
<collection xmlns="http://www.loc.gov/MARC21/slim">
 <record>
  <leader>00824nam a22001935a 4500</leader>
  <controlfield tag="001">CEM.cems004926</controlfield>
  <controlfield tag="005">20060217000000.0</controlfield>
  <controlfield tag="008">130507s1985##################000#0#####d</controlfield>
  <controlfield tag="003">CEMS</controlfield>
  <datafield tag="082" ind1="0" ind2="4">
   <subfield code="a">539.76</subfield>
  </datafield>
  <datafield tag="100" ind1="1" ind2=" ">
   <subfield code="a">Patterson, Walter C.</subfield>
  </datafield>
  <datafield tag="245" ind1="1" ind2="0">
   <subfield code="a">La energía nuclear /</subfield>
  </datafield>
  <datafield tag="260" ind1=" " ind2=" ">
   <subfield code="a">Buenos Aires :</subfield>
   <subfield code="b">Hispamerica,</subfield>
   <subfield code="c">1985</subfield>
  </datafield>
  <datafield tag="300" ind1=" " ind2=" ">
   <subfield code="a">347 p.</subfield>
  </datafield>
  <datafield tag="505" ind1="0" ind2=" ">
   <subfield code="a">Tratamiento de los datos cineticos. Metodos experimentales. Procesos elementales. Conceptos termodinamicos de las reacciónes químicas. Reacciónes en fase gaseosa. Reacciónes en disolución liquida. Reacciónes complejas. Catalisis homogenea. Reacciónes sobre superficies</subfield>
  </datafield>
  <datafield tag="653" ind1=" " ind2=" ">
   <subfield code="a">Energia nuclear</subfield>
  </datafield>
  <datafield tag="653" ind1=" " ind2=" ">
   <subfield code="a">Física</subfield>
  </datafield>
  <datafield tag="859" ind1=" " ind2=" ">
   <subfield code="a">CEMS</subfield>
   <subfield code="b">BIB. CEMS - 11 de abril</subfield>
   <subfield code="h">539.76</subfield>
   <subfield code="i">P277</subfield>
   <subfield code="p">14402.86</subfield>
   <subfield code="t">Ej.1</subfield>
  </datafield>
  <datafield tag="859" ind1=" " ind2=" ">
   <subfield code="a">CEMS</subfield>
   <subfield code="b">BIB. CEMS - 11 de abril</subfield>
   <subfield code="h">539.76</subfield>
   <subfield code="i">P277</subfield>
   <subfield code="p">26547.13</subfield>
   <subfield code="t">Ej.2</subfield>
  </datafield>
 </record>
</collection>
